| 000 | 00498ntaaa2200193 4500 | ||
|---|---|---|---|
| 003 | 01 | ||
| 005 | 20251027201615.0 | ||
| 008 | 0714s1973 ag 01 | ||
| 020 | _a0311091385 | ||
| 040 |
_aAR-BaBN _bspa _cAR-BaBN _eaacr _dRIC |
||
| 082 | _a232.9540 M11e | ||
| 100 |
_aMacArthur, John F _914748 |
||
| 245 | _aEl evangelio según Jesucristo | ||
| 250 | _a1 ed. | ||
| 260 |
_aEl Paso : _bCasa Bautista, _c1991 |
||
| 300 |
_a253 p. ; _c20,5 cm |
||
| 650 |
_aJesucristo-Enseñanzas _95690 |
||
| 942 | _cBK | ||
| 999 |
_c10673 _d10673 |
||